| 000 | 01127nam a2200265 c 4500 | ||
|---|---|---|---|
| 005 | 20200929115248.0 | ||
| 008 | 200929s2014 sp |||gr|||| 00| 0 spa d | ||
| 020 | _a9788490531785 | ||
| 040 |
_aCO-BoUCM _bspa _cDeissy Garcia _dDeissy Garcia |
||
| 041 | 0 | _aspa | |
| 245 | 0 | 0 |
_aDerecho del mar y sostenibilidad ambiental en el Mediterráneo _cDirección José Juste Ruiz, Valentín Bou Franch ; Coordinación José Manuel Sánchez Patrón ; Evangelos Raftopoulos ...[y otros 24] |
| 260 |
_bTirant lo Blanch _c2014 _aValencia,(España) |
||
| 300 | _a575 páginas | ||
| 490 |
_aTirant. Monografías _vV. 902 |
||
| 504 | _aIncluye referencias bibliográficas | ||
| 650 | 7 |
_912784 _aDerecho internacional marítimo |
|
| 650 | 7 |
_98741 _aAguas jurisdiccionales |
|
| 650 | 7 |
_aDerecho internacional público _97498 |
|
| 700 |
_952134 _aJuste Ruiz, José _edirector |
||
| 700 |
_949372 _aBou Franch, Valentín _edirector |
||
| 700 | 1 |
_9101200 _aSánchez Patrón, José Manuel _ecoordinador |
|
| 700 | 1 |
_9101201 _aRaftopoulos, Evangelos |
|
| 942 |
_cLIBRO _2DEWEY _a8 _e1 _h341.448 _mD431 |
||
| 999 |
_c317474 _d317474 |
||